000 00740nam a2200169 a 4500
008 120416s0000 ||||||||||||||||| || u
020 _a0582446635
050 _aQD 251.2 Vog
100 _aVogel, David
245 1 0 _aVogel's textbook of quantitative inorganic analysis including elementary instrumental analysis
250 _a4th ed.
260 _aLondon
_bLongman
_c1978
300 _axxxii, 925p. : ill.
350 _a0.00
995 _D0.00
_FCBU-MAIN LIBRARY (Kitwe)
_H2
_I8.25
_M1
_UAVAILABLE
_ZMain Library Open Access Collection
995 _D0.00
_FCBU-MAIN LIBRARY (Kitwe)
_H1
_I8.25
_M2
_UDAMAGED
_ZMain Library Open Access Collection
999 _c78377
_d78377